| 000 | 00357nam a22001457a 4500 | ||
|---|---|---|---|
| 999 |
_c263163 _d263162 |
||
| 003 | OSt | ||
| 005 | 20240305102452.0 | ||
| 008 | 240305b xxu||||| |||| 00| 0 eng d | ||
| 020 | _a9780763623432 | ||
| 040 | _cN/A | ||
| 100 | _aMegan McDonald | ||
| 245 | _aJudy moody predicts the future | ||
| 260 |
_aCambridge _bCandlewick press _c2003 |
||
| 942 |
_2lcc _cBK |
||